| 000 | 00507nam a22001937a 4500 | ||
|---|---|---|---|
| 005 | 20181116144719.0 | ||
| 008 | 181116b xxu||||| |||| 00| 0 eng d | ||
| 020 |
_a9789387460072 _c₹ 1195.00 |
||
| 040 | _aLoreto College | ||
| 041 | _aEnglish | ||
| 082 |
_a371.33 _bAJI |
||
| 100 | _aAjithkumar, C. | ||
| 245 |
_aICT in Education _cAjithkumar C. |
||
| 260 |
_aNew Delhi _bA.P.H. Publishing _c2018 |
||
| 300 |
_a344 p. _b24 cm. |
||
| 650 | _aTechnological Education | ||
| 850 | _aLCBED | ||
| 942 | _cBK | ||
| 999 |
_c41841 _d92320 |
||